| 000 | 006050000a22001810004500 | ||
|---|---|---|---|
| 003 | MACL | ||
| 005 | 20160526115356.0 | ||
| 008 | 160526b xxu||||| |||| 00| 0 eng d | ||
| 040 |
_aMACL _cMACL |
||
| 041 | _aHindi | ||
| 082 | _a891.433 CHA | ||
| 100 |
_aचटटोपाधयाय, शरत़चन्द्र _939988 |
||
| 245 |
_aशुभदा _cशरत़चन्द्र चटटोपाध्याय |
||
| 260 |
_bरचना प्रकाशन _c2002 _aनई दिल्ली |
||
| 350 | _a100 | ||
| 650 |
_aNovel _959648 |
||
| 942 |
_cHIN _k891.433/CHA / N _2ddc |
||
| 999 |
_c9122 _d9122 |
||